000
00229nam a2200097Ia 4500
008
120527s9999 xx 000 0 und d
100
_a
PRUTKIN,Jordan
245
_a
Genetics for pulmonologists.
260
_b
Remedical
942
_c
BK
999
_c
23657
_d
23657